| 000 | 00801pam a2200265 a 4500 | ||
|---|---|---|---|
| 008 | |||
| 020 | _a0443072205 (hbk.) | ||
| 049 | _aMAIN | ||
| 090 |
_aREF RL81 _bDUV. |
||
| 100 | 1 | _aDu Vivier, Anthony. | |
| 245 | 1 | 0 |
_aAtlas of clinical dermatology / _cAnthony du Vivier ; advisor on pathology, Phillip H. McKee. |
| 250 | _a3rd ed. | ||
| 260 |
_aLondon : _bChurchill Livingstone, _c2002. |
||
| 300 |
_a748 p. : _bcol. ill. ; _c31 cm. |
||
| 500 | _aIncludes index. | ||
| 650 | 0 |
_aDermatology _xAtlases. |
|
| 650 | 0 |
_aSkin _xDiseases _xAtlases. |
|
| 650 | 2 |
_aDermatology _xatlases. |
|
| 700 | 1 | _aMcKee, Phillip H. | |
| 907 |
_a.b10353628 _b27-01-15 _c22-01-15 |
||
| 003 | |||
| 005 | 20230120204142.0 | ||
| 040 | _cNUST | ||
| 942 |
_cBOOKS _kREF RL81 _mDUV. |
||
| 999 |
_c118082 _d118082 |
||